Структура и свойства высокоэнтропийных сплавов, синтезированных на поверхности стали ионно-плазменным методом; Перспективные материалы конструкционного и функционального назначения

Xehetasun bibliografikoak
Parent link:Перспективные материалы конструкционного и функционального назначения.— 2022.— [С. 364-366]
Egile nagusia: Новикова А. С.
Erakunde egilea: Национальный исследовательский Томский политехнический университет
Beste egile batzuk: Иванов Ю. Ф.
Gaia:Заглавие с экрана
Показано, что ионно-плазменным методом возможно формирование покрытий из высокоэнтропийного сплава близкого к эквиатомному составу. Установлено, что ВЭС Ti-Al-Nb-Zr сформирован твердым раствором на основе ниобия и содержит включения (капли) α-Zr и алюминида титана TiAl.
Hizkuntza:errusiera
Argitaratua: 2022
Saila:Модификация поверхности
Gaiak:
Sarrera elektronikoa:http://earchive.tpu.ru/handle/11683/74187
Formatua: Baliabide elektronikoa Liburu kapitulua
KOHA link:https://koha.lib.tpu.ru/cgi-bin/koha/opac-detail.pl?biblionumber=635226

MARC

LEADER 00000naa2a2200000 4500
001 635226
005 20231102024759.0
035 |a (RuTPU)RU\TPU\conf\37072 
035 |a RU\TPU\conf\37068 
090 |a 635226 
100 |a 20221207d2022 k y0rusy50 ca 
101 0 |a rus 
102 |a RU 
105 |a y z 101zy 
135 |a drcn ---uucaa 
181 0 |a i  
182 0 |a b 
200 1 |a Структура и свойства высокоэнтропийных сплавов, синтезированных на поверхности стали ионно-плазменным методом  |f А. С. Новикова, Ю. Ф. Иванов 
203 |a Текст  |c электронный 
225 1 |a Модификация поверхности 
230 |a 1 компьютерный файл (pdf; 414 Kb) 
300 |a Заглавие с экрана 
320 |a [Библиогр.: с. 366 (5 назв.)] 
330 |a Показано, что ионно-плазменным методом возможно формирование покрытий из высокоэнтропийного сплава близкого к эквиатомному составу. Установлено, что ВЭС Ti-Al-Nb-Zr сформирован твердым раствором на основе ниобия и содержит включения (капли) α-Zr и алюминида титана TiAl. 
463 0 |0 (RuTPU)RU\TPU\conf\36996  |t Перспективные материалы конструкционного и функционального назначения  |o сборник научных трудов Международной научно-технической молодежной конференции, Томск, 17–21 октября 2022 г.  |f Национальный исследовательский Томский политехнический университет ; ред. кол. С. П. Буякова, Б. С. Зенин, И. Э. Васильева, Е. А. Даренская  |v [С. 364-366]  |d 2022 
610 1 |a электронный ресурс 
610 1 |a труды учёных ТПУ 
610 1 |a ионно-плазменные методы 
610 1 |a покрытия 
610 1 |a высокоэнтропийные сплавы 
610 1 |a структуры 
610 1 |a свойства 
610 1 |a фазовые составы 
610 1 |a твердые растворы 
700 1 |a Новикова  |b А. С. 
701 1 |a Иванов  |b Ю. Ф. 
712 0 2 |a Национальный исследовательский Томский политехнический университет  |c (2009- )  |2 stltpush  |3 (RuTPU)RU\TPU\col\15902  |9 26305 
801 2 |a RU  |b 63413507  |c 20221213  |g RCR 
856 4 |u http://earchive.tpu.ru/handle/11683/74187 
942 |c BK